000 00619nam a2200193 4500
005 20220216155431.0
007 000
008 220216b |||||||| |||| 00| 0 eng d
040 _aUOEL
050 _aBS2825 .3
_b.C35
100 _aCaird, G.B.
245 _aA. Commentary On The Revelation Of St. John The Divine /
_cby G.B. Caird.
260 _aLondon;
_bHarper $ Row,
_cc1966.
300 _ax, 316. :
440 _aHarpers New Testament Commentaries.
500 _aIncludes index, biblical and non biblical references
650 _aRevelation of St. John The Divine
_xNew Testament Commentaries
942 _2lcc
_cLL
999 _c17382
_d17382